| 000 | 00877cam a2200253 a 4500 | ||
|---|---|---|---|
| 001 | 3524011 | ||
| 005 | 20250725124622.0 | ||
| 008 | 960405s1997 miu bd 001 0 eng | ||
| 020 |
_a0310214009 _qset |
||
| 020 |
_a0310481708 _qv. 1 |
||
| 020 |
_a0310202175 _qv. 2 |
||
| 020 |
_a9780310214007 _q(set) |
||
| 020 |
_a9780310481706 _q(v. 1) |
||
| 020 |
_a9780310202172 _q(v. 2) |
||
| 050 | 0 | 0 |
_aBS440 _b.N438 1997 |
| 082 | 0 | 0 |
_a221.3 _220 |
| 245 | 0 | 0 |
_aNew international dictionary of Old Testament theology & exegesis / _cWillem A. VanGemeren, general editor. |
| 260 |
_aGrand Rapids, Mich. : _bZondervan Pub. House, _cc1997. |
||
| 300 |
_a5 v. ; _c25 cm. |
||
| 650 | 0 |
_aHebrew language _vGlossaries, vocabularies, etc. |
|
| 700 | 1 | _aVanGemeren, Willem. | |
| 856 | 4 | 2 |
_3Publisher description _uhttp://www.loc.gov/catdir/enhancements/fy0633/96015006-d.html |
| 942 |
_2lcc _cBK _n0 |
||
| 999 |
_c7169 _d7169 |
||